Statistics for Geography B

Click here to take the quiz!

General Stats

  • This quiz has been taken 40 times
    (31 since last reset)
  • The average score is 9 of 12

Answer Stats

HintAnswer% Correct
Country of the aboveBelgium
93%
Capital of the EUBrussels
93%
Soccer is its famous sportBrazil
90%
Smallest middle eastern
Country
Bahrain
87%
The closest nation to FloridaBahamas
83%
5 letter skinny African nation along with TogoBenin
83%
one of the smallest African nations
in the Great Lake of Africa region
Burundi
77%
The southeast Asian country
With the long and weird capital
Brunei
73%
Deepest and oldest lake and home
of famous Russian lake dwellings
Baikal
63%
Largest French peninsulaBrittany
53%
Capital of the aboveBandar Seri
Begawan
37%
One of the 3 countries not excited
To see an American along with
Russia, Venezuela and
Bolivia
33%

Score Distribution

Percentile by Number Answered

Percent of People with Each Score

Your Score History

You have not taken this quiz since the last reset